000 00398nam a2200157Ia 4500
008 240729s9999 xx 000 0 und d
022 _a1469-3178
245 0 _aEMBO Reports
260 _aUnited Kingdom
260 _bSpringer Nature
650 _a Biology (General)
650 _aScience
856 _uhttps://doaj.org/toc/ebd3c2716d4a4a1caad9a4b0f9482454
942 _2ddc
942 _cDOAJEJ
999 _c67541
_d67541
945 _a1
_bMadushi Gamage
_c1
_dMadushi Gamage